Ovládanie digitálneho systému gestami pomocou senzora Leap Motion

Uložené v:
Podrobná bibliografia
Hlavný autor: Kutaš, Branislav (Autor)
Ďalší autori: Tölgyessy, Michal (Vedúci práce)
Médium: Rukopis Kniha
Jazyk:Slovak
Vydavateľské údaje: Bratislava : STU v Bratislave FEI, 2021
Predmet:
On-line prístup:https://opac.crzp.sk/?fn=detailBiblioForm&sid=38F43C5054BC4F7F2CBECFF31F28&seo=CRZP-detail-kniha
Tagy: Pridať tag
Žiadne tagy, Buďte prvý, kto otaguje tento záznam!

MARC

LEADER 00000ntm a22000003a 4500
001 stuzp82683
003 SK-STU
005 20211108140241.8
007 ta
008 150427s2015----xo-----f-mn---000-0-slo-d
040 |a STU  |b slo 
041 0 |a slo 
044 |a xo 
100 1 |a Kutaš, Branislav  |u 031000  |4 aut  |U FEI Fakulta elektrotechniky a informatiky  |T FEI Ústav robotiky a kybernetiky  |X 98344  |U E011  |Y 356  |7 98344 
242 0 1 |a Controlling a Digital System via Gestures Using the Leap Motion Sensor  |y eng 
245 1 0 |a Ovládanie digitálneho systému gestami pomocou senzora Leap Motion 
260 |a Bratislava :  |b STU v Bratislave FEI,  |c 2021 
300 |a 52 s., príl. 
650 4 |a Strojové učenie  |2 slo 
650 4 |a Gestá  |2 slo 
650 4 |a Rozpoznávanie gest  |2 slo 
650 4 |a ROS  |2 slo 
650 4 |a Leap Motion  |2 slo 
650 4 |a Deep Learning  |2 slo 
650 4 |a RNN  |2 slo 
650 4 |a Gestures  |2 eng 
650 4 |a ROS  |2 eng 
650 4 |a Leap Motion  |2 eng 
650 4 |a Deep Learning  |2 eng 
650 4 |a Machine Learning  |2 eng 
650 4 |a RNN  |2 eng 
650 4 |a Gesture Recognition  |2 eng 
700 1 |a Tölgyessy, Michal  |u 031000  |k Z1  |4 ths  |U FEI Fakulta elektrotechniky a informatiky  |T FEI Ústav robotiky a kybernetiky  |X 22286  |U E011  |Y 356  |7 A000022286 
856 4 |u https://opac.crzp.sk/?fn=detailBiblioForm&sid=38F43C5054BC4F7F2CBECFF31F28&seo=CRZP-detail-kniha